000 00384nam a2200133Ia 4500
008 100328s9999 xx 000 0 und d
082 _b236
100 _aLane Edward William
245 _aThe Arabian Nights Entertainments -IV
260 _bG.Bell & Sons Ltd.
630 _aThe Arabian Nights Entertainments -IV
730 _aThe Arabian Nights Entertainments -IV
942 _cBOOK
999 _c496606
_d496603